000 00371nam a22001337a 4500
999 _c3855
_d3855
008 200703b ||||| |||| 00| 0 eng d
082 0 0 _a341.762
_bI339
110 _9806
_aIMCO
245 1 0 _aInternational conference on marine pollution 1973 /
_cby IMCO
260 _aLondon
_bIMCO
_c1977
300 _a184 p.
650 0 _aMarine pollution - Law and legislation
942 _cBK